Cape Verde - Islands - Statistics

General Stats
  • This quiz has been taken 95 times
  • The average score is 6 of 12
Answers on the Map
Answers color-coded by a green-red scale on the quiz's map according to % correct below.
 
Answer Stats
Group Answer % Correct
219.84 km² Sal
86%
631.1 km² Boa Vista
81%
991 km² Santiago
71%
476 km² Fogo
67%
343 km² São Nicolau
62%
226.7 km² São Vicente
57%
62.51 km² Brava
52%
Sotavento Islands 274.5 km² Maio
52%
Barlavento Islands 785 km² Santo Antão
43%
34.2 km² Santa Luzia
38%
5.76 km² Ilhéu Raso
19%
2.78 km² Ilhéu Branco
14%
No matching quizzes found
Score Distribution
Percent of People with Each Score
Percentile by Number Answered
Your Score History
You have not taken this quiz